000 00606nam a2200217 4500
003 OSt
005 20240701082404.0
006 a
008 240701b |||||||| |||| 00| 0 eng d
020 _a8170004985
040 _aDWCL-Main lib.
_cOC
082 _aRes. 020.71 R196f 2006
100 _aRangathan, SR
245 _aThe five laws of library Science /
260 _aNew Delhi :
_bEss Ess Pub. ,
_cc2006.
300 _axxv,
_b458 p. : b& w ill. ;
_c22 cm.
504 _aIncludes appendix and index.
650 _a1. Library science.
650 _a2. Libraries.
942 _2ddc
_n0
_cBK-0 CIRC
_kRes.
999 _c1736
_d1736